[Event "FRA-ch U16 Girls"]
[Site "Saint Paul Trois Chateaux"]
[Date "2013.05.06"]
[Round "9"]
[White "Susini, Noelia"]
[Black "Thomas, Apolline"]
[Result "0-1"]
[WhiteElo "1716"]
[BlackElo "1784"]
[PlyCount "64"]
[EventDate "2013.04.28"]
[EventType "swiss"]
[EventRounds "9"]
[EventCountry "FRA"]
[SourceTitle "CBM 154 Extra"]
[Source "ChessBase"]
[SourceDate "2013.06.25"]
[SourceVersion "2"]
[SourceVersionDate "2013.06.25"]
[SourceQuality "1"]

1. e4 e5 2. d4 exd4 3. Qxd4 Nc6 4. Qe3 g6 5. Nc3 Bg7 6. Bc4 d6 7. Nge2 Nf6 8. f4 0-0 9. 0-0 Re8 10. Bb3 Bf5 11. Qd3 Nxe4 12. Nxe4 Bxe4 13. Qd1 Na5 14. Ng3 Nxb3 15. axb3 Bc6 16. f5 Be5 17. Qg4 Bxg3 18. hxg3 Re4 19. Bf4 Qf6 20. fxg6 Qxg6 21. Qd1 Rae8 22. Rf2 h5 23. Kh2 a6 24. Ra5 f5 25. Qd3 h4 26. c4 Re3 27. Bxe3 hxg3+ 28. Kg1 gxf2+ 29. Kxf2 Qxg2+ 30. Ke1 f4 31. Kd1 Rxe3 32. Qf5 Bf3+ 0-1

[Event "FRA-ch U16 Girls"]
[Site "Saint Paul Trois Chateaux"]
[Date "2013.05.05"]
[Round "8"]
[White "Hernandez, Lara"]
[Black "Susini, Noelia"]
[Result "1/2-1/2"]
[WhiteElo "1563"]
[BlackElo "1716"]
[PlyCount "86"]
[EventDate "2013.04.28"]
[EventType "swiss"]
[EventRounds "9"]
[EventCountry "FRA"]
[SourceTitle "CBM 154 Extra"]
[Source "ChessBase"]
[SourceDate "2013.06.25"]
[SourceVersion "2"]
[SourceVersionDate "2013.06.25"]
[SourceQuality "1"]

1. d4 d5 2. c4 e6 3. Nf3 c6 4. Nc3 Bb4 5. Qc2 Ne7 6. Bf4 0-0 7. e3 Nd7 8. Bd3 Ng6 9. Bg3 Nf6 10. 0-0 Bd6 11. Bxd6 Qxd6 12. cxd5 exd5 13. h3 Re8 14. Rab1 Bd7 15. b4 Rac8 16. Rfc1 b6 17. Bxg6 fxg6 18. Qe2 Bf5 19. Rb2 Ne4 20. Nxe4 Bxe4 21. Ne5 c5 22. Qa6 c4 23. Rc3 Rc7 24. f3 Bf5 25. Qa4 Rf8 26. Rf2 Qf6 27. Qb5 Be6 28. Qa4 Qg5 29. Kh1 Qh4 30. Qc2 Bxh3 31. gxh3 Qxh3+ 32. Kg1 Rf5 33. Qe2 Rh5 34. Rh2 Qg3+ 35. Rg2 Qh3 36. Rh2 Qg3+ 37. Rg2 Qh3 38. Kf1 Rg5 39. Kg1 Rh5 40. Rh2 Qg3+ 41. Rg2 Qh3 42. Rh2 Qg3+ 43. Rg2 Qh3 1/2-1/2

[Event "FRA-ch U14 Girls"]
[Site "Montlucon"]
[Date "2011.04.18"]
[Round "3"]
[White "Joudelat, Noemie"]
[Black "Susini, Noelia"]
[Result "1-0"]
[WhiteElo "1732"]
[BlackElo "1623"]
[PlyCount "55"]
[EventDate "2011.04.17"]
[EventType "swiss"]
[EventRounds "9"]
[EventCountry "FRA"]
[SourceTitle "CBM 142 Extra"]
[Source "ChessBase"]
[SourceDate "2011.06.27"]
[SourceVersion "1"]
[SourceVersionDate "2011.06.27"]
[SourceQuality "1"]

1. e4 e5 2. Nf3 Nc6 3. Bc4 Nf6 4. Nc3 Nxe4 5. Bxf7+ Kxf7 6. Nxe4 Be7 7. d4 Bf6 8. dxe5 d5 9. Neg5+ Bxg5 10. Nxg5+ Kg8 11. e6 Qd6 12. Qg4 Nd8 13. 0-0 Bxe6 14. Nxe6 Qxe6 15. Qg3 Rc8 16. Bf4 Qd7 17. Bh6 c5 18. Rfe1 Nc6 19. Re3 Nd4 20. Re5 g6 21. Rae1 Kf7 22. Qf4+ Nf5 23. g4 Rhg8 24. gxf5 gxf5+ 25. Kh1 Kf6 26. Qh4+ Kg6 27. Qg5+ Kf7 28. Rxf5+ 1-0

[Event "Corsica-chT"]
[Site "Ponte Leccia"]
[Date "2010.03.28"]
[Round "2"]
[White "Salazar, Marcel"]
[Black "Susini, Noelia"]
[Result "0-1"]
[WhiteElo "1399"]
[BlackElo "1547"]
[PlyCount "62"]
[EventDate "2010.03.28"]
[EventType "team-tourn"]
[EventRounds "9"]
[EventCountry "FRA"]
[SourceTitle "EXT 2012"]
[Source "ChessBase"]
[SourceDate "2011.11.24"]
[SourceVersion "1"]
[SourceVersionDate "2011.11.24"]
[SourceQuality "1"]

1. e4 e5 2. Nf3 Nc6 3. Bb5 d6 4. h3 Bd7 5. Nc3 Nf6 6. d3 g6 7. Bg5 Bg7 8. Qd2 0-0 9. Nd5 a6 10. Ba4 b5 11. Bb3 a5 12. a3 Re8 13. h4 Bg4 14. 0-0-0 Nd4 15. Qe3 Nxb3+ 16. cxb3 Re6 17. Rdg1 Qd7 18. Nh2 Nxd5 19. exd5 Ree8 20. f3 f6 21. Nxg4 fxg5 22. Qxg5 b4 23. a4 c6 24. dxc6 Qxc6+ 25. Kb1 Qd5 26. Ka2 Qxd3 27. Rd1 Qa6 28. h5 Re6 29. hxg6 Rxg6 30. Nh6+ Bxh6 31. Rxh6 Rxg5 0-1

[Event "FRA-ch U12 Girls"]
[Site "Aix les Bains"]
[Date "2009.04.20"]
[Round "2"]
[White "Susini, Noelia"]
[Black "Auvray, Honorine"]
[Result "0-1"]
[WhiteElo "1450"]
[BlackElo "1708"]
[PlyCount "82"]
[EventDate "2009.04.19"]
[EventType "swiss"]
[EventRounds "9"]
[EventCountry "FRA"]
[SourceTitle "CBM 130 Extra"]
[Source "ChessBase"]
[SourceDate "2009.07.02"]
[SourceVersion "2"]
[SourceVersionDate "2009.07.15"]
[SourceQuality "1"]

1. e4 c5 2. Nc3 e6 3. Nf3 Nc6 4. Bb5 d5 5. Ne5 Qc7 6. Qh5 Nf6 7. Qg5 h6 8. Qg3 Nh5 9. Qh4 Qxe5 10. d4 cxd4 11. f4 Qf6 12. Qxh5 dxc3 13. e5 Qf5 14. Qe2 cxb2 15. Bxb2 Qxf4 16. Bc1 Bb4+ 17. Bd2 Bxd2+ 18. Qxd2 Qxd2+ 19. Kxd2 Bd7 20. Rhe1 Rc8 21. Rac1 Ke7 22. c4 dxc4 23. Bxc4 Rhd8 24. Bd3 Nb4 25. Rxc8 Bxc8 26. Re3 Nxa2 27. Ke2 Nc1+ 28. Kd2 Nxd3 29. Rxd3 Rxd3+ 30. Kxd3 b5 31. Kc3 a5 32. Kb3 Bb7 33. g3 Bd5+ 34. Kb2 b4 35. Kb1 a4 36. h4 a3 37. Ka1 b3 38. Kb1 Be4+ 39. Ka1 b2+ 40. Ka2 b1Q+ 41. Kxa3 Bc2 0-1